Statistiques concernant Les plus grandes villes du Canada

Cliquez ici pour prendre le quiz!

Statistiques générales

  • Ce quiz a été pris 14,901 fois
  • Le résultat moyen est 10 sur 24

Statistiques - réponses

Population Ville % Correct
1 704 694Montréal
95%
531 902Québec
93%
2 731 579Toronto
92%
934 243Ottawa
90%
631 486Vancouver
88%
1 239 220Calgary
63%
932 546Edmonton
58%
705 224Winnipeg
54%
215 106Regina
41%
403 131Halifax
40%
422 993Laval
39%
233 222Saskatoon
37%
276 245Gatineau
27%
246 376Longueuil
24%
536 917Hamilton
23%
383 822London
23%
721 599Mississauga
19%
217 188Windsor
16%
232 755Kitchener
9%
593 638Brampton
7%
517 887Surrey
7%
328 966Markham
7%
239 700Burnaby
6%
306 233Vaughan
5%

Distribution des résultats

Percentile par nombre de réponses

% des personnes avec chaque résultat

Votre développement - résultats

Vous n’avez pas pris ce quiz